| 000 | 00475nam a2200181Ia 4500 | ||
|---|---|---|---|
| 003 | GCL | ||
| 008 | 140319s9999 xx 000 0 ara d | ||
| 040 |
_aGCL / _cGCL |
||
| 082 | 0 | 4 |
_a792.8 _bس ا |
| 100 | 1 | _aسوريل، وولتر | |
| 245 | 1 | 0 |
_aالاوجة العديدة للرقص / _cسوريل، وولتر |
| 700 | 1 | _aعنايت عزمى (مترجم) | |
| 300 | _a306 ص | ||
| 490 | _a | ||
| 650 | 0 | 4 | _aالرقص |
| 650 | 0 | 4 | _aالبالية |
| 942 |
_2ddc _cBK |
||
| 999 |
_c38818 _d38818 |
||